[Event "MCR druzstev mladsich zaku 2019"]
[Site "Trest"]
[Date "2019.06.16"]
[Round "8.18"]
[White "Chauvin, Leon"]
[Black "Vana, Jakub"]
[Result "0-1"]
[BlackElo "1422"]
[WhiteElo "1219"]
[LiveChessVersion "1.4.8"]

1. e4 {[%clk 0:25:18]} c6 {[%clk 0:25:18]} 2. Nf3 {[%clk 0:25:25]} d5
{[%clk 0:25:26]} 3. exd5 {[%clk 0:25:27]} cxd5 {[%clk 0:25:34]} 4. d4
{[%clk 0:25:33]} Nf6 {[%clk 0:25:40]} 5. Nc3 {[%clk 0:25:37]} Bg4
{[%clk 0:25:47]} 6. h3 {[%clk 0:25:39]} Bh5 {[%clk 0:25:51]} 7. Bd3
{[%clk 0:25:26]} e6 {[%clk 0:25:54]} 8. O-O {[%clk 0:25:32]} Bd6 {[%clk 0:25:52]}
9. Be3 {[%clk 0:24:30]} O-O {[%clk 0:25:56]} 10. Re1 {[%clk 0:24:03]} h6
{[%clk 0:26:02]} 11. Qe2 {[%clk 0:23:57]} Nc6 {[%clk 0:25:14]} 12. Rad1
{[%clk 0:23:48]} e5 {[%clk 0:24:18]} 13. g4 {[%clk 0:23:04]} e4 {[%clk 0:23:56]}
14. gxh5 {[%clk 0:22:28]} exd3 {[%clk 0:23:55]} 15. Rxd3 {[%clk 0:21:56]} Nxh5
{[%clk 0:23:49]} 16. a3 {[%clk 0:21:42]} Re8 {[%clk 0:23:10]} 17. Nxd5
{[%clk 0:19:09]} Bb8 {[%clk 0:22:06]} 18. Nc3 {[%clk 0:18:19]} Nf4
{[%clk 0:22:11]} 19. Qf1 {[%clk 0:17:03]} Nxd3 {[%clk 0:22:13]} 20. Qxd3
{[%clk 0:17:04]} Bc7 {[%clk 0:21:47]} 21. d5 {[%clk 0:13:49]} Ne5
{[%clk 0:20:39]} 22. Qe2 {[%clk 0:12:45]} Qf6 {[%clk 0:20:09]} 23. Kg2
{[%clk 0:09:20]} Nxf3 {[%clk 0:19:56]} 24. Qxf3 {[%clk 0:09:23]} Qxf3+
{[%clk 0:19:59]} 25. Kxf3 {[%clk 0:09:28]} b6 {[%clk 0:20:02]} 26. Nb5
{[%clk 0:08:26]} Be5 {[%clk 0:19:46]} 27. d6 {[%clk 0:06:31]} Rad8
{[%clk 0:19:22]} 28. Nxa7 {[%clk 0:06:14]} Rxd6 {[%clk 0:18:55]} 29. c3
{[%clk 0:05:32]} Bf6 {[%clk 0:17:22]} 30. Nb5 {[%clk 0:05:10]} Rc6
{[%clk 0:17:03]} 31. Na7 {[%clk 0:03:42]} Rc4 {[%clk 0:16:55]} 32. Nb5
{[%clk 0:03:33]} Rh4 {[%clk 0:15:31]} 33. Kg3 {[%clk 0:02:52]} Rh5
{[%clk 0:15:30]} 34. Rd1 {[%clk 0:02:34]} Rxb5 {[%clk 0:15:30]} 35. b4
{[%clk 0:01:43]} Bxc3 {[%clk 0:15:27]} 36. Rd6 {[%clk 0:01:46]} Bb2
{[%clk 0:15:16]} 37. Bxb6 {[%clk 0:01:05]} Be5+ {[%clk 0:15:21]} 0-1

[Event "MCR druzstev mladsich zaku 2019"]
[Site "Trest"]
[Date "2019.06.16"]
[Round "9.1"]
[White "Finek, Vaclav"]
[Black "Brozka, Karel"]
[Result "1-0"]
[BlackElo "2142"]
[WhiteElo "2074"]
[LiveChessVersion "1.4.8"]

1. d4 {[%clk 0:25:18]} Nf6 {[%clk 0:25:17]} 2. c4 {[%clk 0:25:27]} c5
{[%clk 0:25:25]} 3. d5 {[%clk 0:25:35]} b5 {[%clk 0:25:34]} 4. cxb5
{[%clk 0:25:43]} a6 {[%clk 0:25:44]} 5. bxa6 {[%clk 0:25:51]} g6 {[%clk 0:25:49]}
6. Nc3 {[%clk 0:25:57]} Bxa6 {[%clk 0:25:44]} 7. e4 {[%clk 0:25:37]} Bxf1
{[%clk 0:25:52]} 8. Kxf1 {[%clk 0:25:45]} Bg7 {[%clk 0:26:01]} 9. Nf3
{[%clk 0:25:31]} d6 {[%clk 0:26:02]} 10. g3 {[%clk 0:25:38]} O-O {[%clk 0:26:08]}
11. Kg2 {[%clk 0:25:47]} Nbd7 {[%clk 0:26:16]} 12. Qe2 {[%clk 0:25:45]} Ng4
{[%clk 0:25:13]} 13. Bd2 {[%clk 0:24:14]} Qb6 {[%clk 0:24:46]} 14. Rhb1
{[%clk 0:22:09]} Rfb8 {[%clk 0:24:41]} 15. a4 {[%clk 0:20:05]} Qa6
{[%clk 0:22:48]} 16. Qxa6 {[%clk 0:17:14]} Rxa6 {[%clk 0:22:56]} 17. a5
{[%clk 0:15:05]} Nge5 {[%clk 0:22:24]} 18. Ra4 {[%clk 0:14:15]} Nd3
{[%clk 0:20:39]} 19. b3 {[%clk 0:14:09]} N7e5 {[%clk 0:15:42]} 20. Nxe5
{[%clk 0:13:21]} Bxe5 {[%clk 0:15:15]} 21. f4 {[%clk 0:10:58]} Bg7
{[%clk 0:15:01]} 22. Kf3 {[%clk 0:10:09]} Rb4 {[%clk 0:12:37]} 23. Rxb4
{[%clk 0:08:40]} Nxb4 {[%clk 0:12:44]} 24. Na4 {[%clk 0:08:13]} Bd4
{[%clk 0:08:31]} 25. Bxb4 {[%clk 0:07:54]} cxb4 {[%clk 0:08:40]} 26. Rc1
{[%clk 0:08:03]} Rxa5 {[%clk 0:08:22]} 27. Rc4 {[%clk 0:07:57]} Bc5
{[%clk 0:08:03]} 28. e5 {[%clk 0:07:42]} Kf8 {[%clk 0:07:08]} 29. Ke4
{[%clk 0:07:44]} Ke8 {[%clk 0:06:20]} 30. g4 {[%clk 0:05:41]} Kd7
{[%clk 0:06:20]} 31. h3 {[%clk 0:05:38]} f6 {[%clk 0:06:14]} 32. e6+
{[%clk 0:05:19]} Kc7 {[%clk 0:04:43]} 33. f5 {[%clk 0:05:28]} g5 {[%clk 0:04:46]}
34. Rc2 {[%clk 0:05:15]} Kb7 {[%clk 0:03:23]} 35. Nxc5+ {[%clk 0:05:03]} dxc5
{[%clk 0:03:11]} 36. d6 {[%clk 0:04:43]} Kc6 {[%clk 0:02:40]} 37. d7
{[%clk 0:04:17]} Ra8 {[%clk 0:02:39]} 38. Ra2 {[%clk 0:03:53]} Rd8
{[%clk 0:02:29]} 39. Kd3 {[%clk 0:04:01]} Kd5 {[%clk 0:02:15]} 40. Ra7
{[%clk 0:03:56]} Kc6 {[%clk 0:02:14]} 41. Kc4 {[%clk 0:04:01]} Kb6
{[%clk 0:02:24]} 42. Ra2 {[%clk 0:04:06]} Rb8 {[%clk 0:02:24]} 43. Rd2
{[%clk 0:04:13]} Rd8 {[%clk 0:02:32]} 44. Rd5 {[%clk 0:04:21]} 1-0

[Event "MCR druzstev mladsich zaku 2019"]
[Site "Trest"]
[Date "2019.06.16"]
[Round "9.2"]
[White "Bouska, Jiri"]
[Black "Nemec, Jachym"]
[Result "0-1"]
[BlackElo "1940"]
[WhiteElo "1620"]
[LiveChessVersion "1.4.8"]

1. e4 {[%clk 0:25:10]} c5 {[%clk 0:25:18]} 2. Nf3 {[%clk 0:25:19]} d6
{[%clk 0:25:26]} 3. d4 {[%clk 0:25:28]} cxd4 {[%clk 0:25:34]} 4. Nxd4
{[%clk 0:25:37]} Nf6 {[%clk 0:25:41]} 5. Nc3 {[%clk 0:25:43]} a6 {[%clk 0:25:49]}
6. Be2 {[%clk 0:25:49]} e5 {[%clk 0:25:58]} 7. Nf3 {[%clk 0:25:51]} h6
{[%clk 0:25:52]} 8. O-O {[%clk 0:25:56]} Be6 {[%clk 0:25:59]} 9. Be3
{[%clk 0:26:03]} Nbd7 {[%clk 0:26:06]} 10. h3 {[%clk 0:26:11]} Be7
{[%clk 0:26:11]} 11. Qd2 {[%clk 0:26:01]} Rc8 {[%clk 0:26:20]} 12. Rad1
{[%clk 0:26:08]} O-O {[%clk 0:26:23]} 13. a3 {[%clk 0:25:24]} Qc7
{[%clk 0:26:13]} 14. Rc1 {[%clk 0:25:20]} Rfd8 {[%clk 0:26:17]} 15. Ne1
{[%clk 0:25:16]} Nb6 {[%clk 0:26:16]} 16. Bxb6 {[%clk 0:25:18]} Qxb6
{[%clk 0:26:23]} 17. Nd3 {[%clk 0:25:25]} Nd7 {[%clk 0:23:50]} 18. Qe3
{[%clk 0:25:25]} Qxe3 {[%clk 0:22:58]} 19. fxe3 {[%clk 0:25:23]} Bg5
{[%clk 0:23:07]} 20. Rf3 {[%clk 0:25:29]} Nb6 {[%clk 0:22:36]} 21. Nb4
{[%clk 0:23:05]} g6 {[%clk 0:15:15]} 22. Rcf1 {[%clk 0:22:33]} a5
{[%clk 0:14:37]} 23. Nbd5 {[%clk 0:22:14]} Bxd5 {[%clk 0:14:42]} 24. exd5
{[%clk 0:22:21]} f5 {[%clk 0:14:40]} 25. e4 {[%clk 0:20:58]} fxe4
{[%clk 0:12:02]} 26. Rf7 {[%clk 0:20:30]} Be3+ {[%clk 0:07:09]} 27. Kh1
{[%clk 0:20:33]} Rd7 {[%clk 0:04:30]} 28. Rxd7 {[%clk 0:20:41]} Nxd7
{[%clk 0:04:38]} 29. Bg4 Rd8 {[%clk 0:04:29]} 30. Be6+ {[%clk 0:20:58]} Kh8
{[%clk 0:04:28]} 31. Nxe4 {[%clk 0:20:29]} Nc5 {[%clk 0:04:27]} 32. Nxc5
{[%clk 0:20:33]} Bxc5 {[%clk 0:04:23]} 33. Rf7 {[%clk 0:20:39]} b6
{[%clk 0:04:22]} 34. c3 {[%clk 0:20:35]} Be3 {[%clk 0:03:47]} 35. Rf6
{[%clk 0:20:10]} Kg7 {[%clk 0:02:58]} 36. Rf7+ {[%clk 0:20:19]} Kh8
{[%clk 0:03:06]} 37. Rf6 {[%clk 0:20:27]} Kg7 {[%clk 0:03:11]} 38. Rf7+
{[%clk 0:20:36]} Kh8 {[%clk 0:03:19]} 39. b4 {[%clk 0:20:18]} axb4
{[%clk 0:03:21]} 40. cxb4 {[%clk 0:20:25]} Bc1 {[%clk 0:02:43]} 41. a4
{[%clk 0:20:31]} Bd2 {[%clk 0:02:49]} 42. Rb7 {[%clk 0:20:24]} Bxb4
{[%clk 0:02:03]} 43. Rxb6 {[%clk 0:20:33]} Bc5 {[%clk 0:02:12]} 44. Ra6
{[%clk 0:20:23]} e4 {[%clk 0:02:09]} 45. Bg4 {[%clk 0:19:19]} h5 {[%clk 0:02:14]}
46. Be2 {[%clk 0:19:28]} Rf8 {[%clk 0:02:13]} 47. Rc6 {[%clk 0:19:28]} Rf2
{[%clk 0:02:13]} 48. Bb5 {[%clk 0:19:30]} e3 {[%clk 0:01:47]} 49. a5
{[%clk 0:19:30]} e2 {[%clk 0:01:47]} 50. Bxe2 {[%clk 0:19:37]} Rxe2
{[%clk 0:01:56]} 51. a6 {[%clk 0:19:34]} Ra2 {[%clk 0:02:04]} 52. Rc8+
{[%clk 0:19:12]} Kh7 {[%clk 0:02:11]} 53. Rc6 {[%clk 0:19:00]} h4
{[%clk 0:02:14]} 54. Rc7+ {[%clk 0:17:55]} Kh6 {[%clk 0:02:22]} 55. a7
{[%clk 0:17:56]} Ra1+ {[%clk 0:02:29]} 56. Kh2 {[%clk 0:18:05]} Bg1+
{[%clk 0:02:38]} 57. Kh1 {[%clk 0:18:14]} Bf2+ {[%clk 0:02:47]} 58. Kh2
{[%clk 0:18:23]} Bg3# 0-1

[Event "MCR druzstev mladsich zaku 2019"]
[Site "Trest"]
[Date "2019.06.16"]
[Round "9.3"]
[White "Smolik, Jachym"]
[Black "Janouskova, Adela"]
[Result "1-0"]
[BlackElo "1457"]
[WhiteElo "1652"]
[LiveChessVersion "1.4.8"]

1. d4 {[%clk 0:25:19]} d5 {[%clk 0:25:19]} 2. c4 {[%clk 0:25:28]} e6
{[%clk 0:25:27]} 3. Nc3 {[%clk 0:25:36]} Nf6 {[%clk 0:25:35]} 4. cxd5
{[%clk 0:25:45]} exd5 {[%clk 0:25:43]} 5. Bg5 {[%clk 0:25:50]} Be7
{[%clk 0:25:42]} 6. e3 {[%clk 0:25:58]} O-O {[%clk 0:25:31]} 7. Bd3
{[%clk 0:26:03]} Nc6 {[%clk 0:25:34]} 8. Bxf6 {[%clk 0:26:03]} Bxf6
{[%clk 0:25:40]} 9. Qh5 {[%clk 0:26:11]} h6 {[%clk 0:25:14]} 10. Qxd5
{[%clk 0:24:08]} Be6 {[%clk 0:25:00]} 11. Qxd8 {[%clk 0:24:14]} Raxd8
{[%clk 0:24:54]} 12. a3 {[%clk 0:24:04]} a6 {[%clk 0:24:56]} 13. Nge2
{[%clk 0:23:53]} Rfe8 {[%clk 0:24:58]} 14. O-O {[%clk 0:23:51]} Na5
{[%clk 0:22:39]} 15. b4 Nc4 {[%clk 0:22:00]} 16. Nf4 {[%clk 0:21:58]} Nd6
{[%clk 0:21:28]} 17. Nxe6 {[%clk 0:21:49]} Rxe6 {[%clk 0:21:20]} 18. Rac1
{[%clk 0:21:14]} c6 {[%clk 0:20:43]} 19. Na4 {[%clk 0:20:43]} Re7
{[%clk 0:19:08]} 20. Nb6 {[%clk 0:19:38]} Ree8 {[%clk 0:17:01]} 21. Bb1
{[%clk 0:19:41]} Nb5 {[%clk 0:16:00]} 22. a4 {[%clk 0:19:21]} Nd6
{[%clk 0:15:38]} 23. Ba2 {[%clk 0:19:12]} Bg5 {[%clk 0:13:57]} 24. Rc2
{[%clk 0:18:24]} Nc8 {[%clk 0:12:06]} 25. Nc4 {[%clk 0:17:49]} Nd6
{[%clk 0:11:42]} 26. Rfc1 {[%clk 0:17:29]} Bf6 {[%clk 0:11:34]} 27. g3
{[%clk 0:16:52]} Nxc4 {[%clk 0:11:17]} 28. Bxc4 {[%clk 0:16:59]} Re7
{[%clk 0:11:02]} 29. b5 {[%clk 0:16:41]} axb5 {[%clk 0:10:55]} 30. axb5
{[%clk 0:16:49]} cxb5 {[%clk 0:10:45]} 31. Bxb5 {[%clk 0:16:58]} Bg5
{[%clk 0:07:59]} 32. Bd3 {[%clk 0:16:39]} Rb8 {[%clk 0:07:04]} 33. Rc8+
{[%clk 0:16:32]} Rxc8 {[%clk 0:07:08]} 34. Rxc8+ Re8 {[%clk 0:07:13]} 35. Rxe8#
{[%clk 0:16:48]} 1-0

[Event "MCR druzstev mladsich zaku 2019"]
[Site "Trest"]
[Date "2019.06.16"]
[Round "9.4"]
[White "Stary, Vojtech"]
[Black "Day, Tobias"]
[Result "0-1"]
[BlackElo "1690"]
[WhiteElo "1330"]
[LiveChessVersion "1.4.8"]

1. e4 {[%clk 0:25:16]} c5 {[%clk 0:24:55]} 2. Nf3 {[%clk 0:25:25]} d6
{[%clk 0:25:01]} 3. d4 {[%clk 0:25:33]} cxd4 {[%clk 0:25:06]} 4. Nxd4
{[%clk 0:25:42]} Nf6 {[%clk 0:25:11]} 5. Nc3 {[%clk 0:25:50]} g6 {[%clk 0:25:15]}
6. Bc4 {[%clk 0:25:45]} Bg7 {[%clk 0:25:10]} 7. f3 {[%clk 0:25:51]} O-O
{[%clk 0:25:05]} 8. Bb3 {[%clk 0:25:51]} Nc6 {[%clk 0:24:46]} 9. Be3
{[%clk 0:25:58]} Bd7 {[%clk 0:24:50]} 10. Qd2 {[%clk 0:26:06]} Rc8
{[%clk 0:24:44]} 11. g4 {[%clk 0:26:09]} Ne5 {[%clk 0:23:55]} 12. h4
{[%clk 0:25:27]} h5 {[%clk 0:23:25]} 13. g5 {[%clk 0:21:41]} Nh7 {[%clk 0:20:01]}
14. f4 {[%clk 0:20:31]} Nc4 {[%clk 0:17:47]} 15. Bxc4 {[%clk 0:19:02]} Rxc4
{[%clk 0:17:52]} 16. O-O-O {[%clk 0:18:44]} Qa5 {[%clk 0:09:41]} 17. Kb1
{[%clk 0:18:07]} Kh8 {[%clk 0:09:25]} 18. Rdf1 {[%clk 0:17:52]} Rfc8
{[%clk 0:05:06]} 19. f5 {[%clk 0:16:27]} Qe5 {[%clk 0:03:47]} 20. fxg6
{[%clk 0:15:30]} fxg6 {[%clk 0:03:50]} 21. Qd3 {[%clk 0:13:40]} Rxd4
{[%clk 0:03:20]} 22. Bxd4 {[%clk 0:13:16]} Qxd4 {[%clk 0:03:27]} 23. Qxd4
{[%clk 0:12:46]} Bxd4 {[%clk 0:03:35]} 24. Nd5 {[%clk 0:12:42]} Kg7
{[%clk 0:02:33]} 25. Nxe7 {[%clk 0:12:01]} Re8 {[%clk 0:02:33]} 26. Nd5
{[%clk 0:11:56]} Rxe4 {[%clk 0:01:58]} 27. Re1 {[%clk 0:11:47]} Re5
{[%clk 0:01:39]} 28. Rxe5 {[%clk 0:11:18]} Bxe5 {[%clk 0:01:25]} 29. Re1
{[%clk 0:10:43]} Be6 {[%clk 0:01:02]} 30. Ne3 {[%clk 0:10:26]} Nf8
{[%clk 0:01:01]} 31. c3 {[%clk 0:09:19]} Kf7 {[%clk 0:01:01]} 32. a3
{[%clk 0:09:14]} Ke7 {[%clk 0:01:15]} 33. Kc2 {[%clk 0:09:26]} Nd7
{[%clk 0:01:11]} 34. Kd3 {[%clk 0:09:09]} Nc5+ {[%clk 0:01:18]} 35. Ke2
{[%clk 0:08:56]} Bg3 {[%clk 0:01:11]} 36. Rh1 {[%clk 0:08:53]} Na4
{[%clk 0:00:59]} 37. Nd1 {[%clk 0:08:48]} Bg4+ {[%clk 0:01:05]} 38. Kd2
{[%clk 0:08:53]} Bxd1 {[%clk 0:01:07]} 39. Kxd1 {[%clk 0:08:53]} Nxb2+
{[%clk 0:01:13]} 40. Kc2 {[%clk 0:08:59]} Nc4 {[%clk 0:01:17]} 41. Kb3
{[%clk 0:08:54]} Ne5 {[%clk 0:01:16]} 42. Rh3 {[%clk 0:08:57]} Bf4
{[%clk 0:01:22]} 43. c4 {[%clk 0:08:40]} Ke6 {[%clk 0:01:23]} 44. Kc3
{[%clk 0:08:43]} Kf5 {[%clk 0:01:29]} 45. Kd4 {[%clk 0:08:45]} Kg4
{[%clk 0:01:28]} 46. Rh1 {[%clk 0:08:45]} Nf3+ {[%clk 0:01:30]} 47. Kd5
{[%clk 0:08:47]} Nxh4 {[%clk 0:01:29]} 48. Rg1+ {[%clk 0:08:51]} Kf5
{[%clk 0:01:37]} 49. c5 {[%clk 0:08:55]} dxc5 {[%clk 0:01:40]} 50. Rf1
{[%clk 0:08:50]} Kxg5 {[%clk 0:01:44]} 51. Ke4 {[%clk 0:08:54]} Bd6
{[%clk 0:01:29]} 52. Rg1+ {[%clk 0:08:56]} Kf6 {[%clk 0:01:34]} 53. Kd5
{[%clk 0:09:03]} Nf5 {[%clk 0:01:41]} 54. Re1 {[%clk 0:09:07]} Be7
{[%clk 0:01:33]} 55. Re6+ {[%clk 0:09:13]} Kg5 {[%clk 0:01:39]} 56. Re5
{[%clk 0:09:18]} Bf6 {[%clk 0:01:13]} 57. Re1 {[%clk 0:09:17]} h4
{[%clk 0:01:18]} 58. Ke6 {[%clk 0:09:23]} Nd4+ {[%clk 0:01:18]} 59. Kd6
{[%clk 0:09:28]} Nf3 {[%clk 0:01:13]} 60. Re2 {[%clk 0:09:30]} h3
{[%clk 0:01:14]} 61. Kxc5 {[%clk 0:09:34]} h2 {[%clk 0:01:11]} 62. Rg2+
{[%clk 0:09:40]} Kf5 {[%clk 0:01:07]} 0-1

[Event "MCR druzstev mladsich zaku 2019"]
[Site "Trest"]
[Date "2019.06.16"]
[Round "9.5"]
[White "Pressler, Tobias"]
[Black "Slosar, Jan"]
[Result "1-0"]
[BlackElo "1369"]
[WhiteElo "1595"]
[LiveChessVersion "1.4.8"]

1. d4 {[%clk 0:25:17]} Nf6 {[%clk 0:25:19]} 2. Nf3 {[%clk 0:25:17]} d5
{[%clk 0:25:27]} 3. e3 {[%clk 0:25:20]} Bg4 {[%clk 0:25:35]} 4. Be2
{[%clk 0:25:12]} e6 {[%clk 0:25:39]} 5. O-O {[%clk 0:25:13]} Nc6 {[%clk 0:25:48]}
6. c4 {[%clk 0:25:05]} Bd6 {[%clk 0:25:48]} 7. h3 {[%clk 0:24:58]} Bxf3
{[%clk 0:25:50]} 8. Bxf3 {[%clk 0:25:02]} dxc4 {[%clk 0:25:58]} 9. Qa4
{[%clk 0:25:02]} O-O {[%clk 0:25:43]} 10. Bxc6 {[%clk 0:25:06]} bxc6
{[%clk 0:25:50]} 11. Qxc6 {[%clk 0:25:03]} h6 {[%clk 0:24:24]} 12. Qxc4
{[%clk 0:25:02]} Qe7 {[%clk 0:24:00]} 13. Nc3 {[%clk 0:24:52]} Rab8
{[%clk 0:22:56]} 14. e4 {[%clk 0:24:26]} Rb4 {[%clk 0:22:08]} 15. Qd3
{[%clk 0:24:26]} Rd8 {[%clk 0:22:17]} 16. Qe3 {[%clk 0:24:09]} e5
{[%clk 0:21:45]} 17. dxe5 {[%clk 0:23:41]} Bxe5 {[%clk 0:21:49]} 18. Nd5
{[%clk 0:23:43]} Nxd5 {[%clk 0:21:42]} 19. exd5 {[%clk 0:23:51]} Rxd5
{[%clk 0:20:52]} 20. Kh1 {[%clk 0:23:37]} Qd6 {[%clk 0:19:21]} 21. Qf3
{[%clk 0:22:49]} c6 {[%clk 0:17:04]} 22. Be3 {[%clk 0:22:43]} Rxb2
{[%clk 0:16:31]} 23. Rad1 {[%clk 0:22:45]} Rxa2 {[%clk 0:14:39]} 24. Rxd5
{[%clk 0:22:48]} Qxd5 {[%clk 0:14:46]} 25. Qg4 {[%clk 0:22:44]} Qe6
{[%clk 0:14:28]} 26. Qb4 {[%clk 0:22:34]} Rb2 {[%clk 0:13:46]} 27. Qc5
{[%clk 0:22:29]} a6 {[%clk 0:13:47]} 28. Rd1 {[%clk 0:22:12]} Rb5
{[%clk 0:12:46]} 29. Qc2 {[%clk 0:22:19]} Rd5 {[%clk 0:12:10]} 30. Rb1
{[%clk 0:21:48]} Qg6 {[%clk 0:11:01]} 31. Qa2 {[%clk 0:21:35]} Qd3
{[%clk 0:09:38]} 32. Rg1 {[%clk 0:21:00]} a5 {[%clk 0:08:07]} 33. Qa4
{[%clk 0:20:44]} Qb5 {[%clk 0:07:32]} 34. Qg4 {[%clk 0:20:49]} Rd6
{[%clk 0:05:32]} 35. Qc8+ {[%clk 0:20:50]} Kh7 {[%clk 0:05:27]} 36. Qf5+
{[%clk 0:20:58]} Rg6 {[%clk 0:05:28]} 37. Qxf7 {[%clk 0:20:57]} a4
{[%clk 0:05:08]} 38. Qa7 {[%clk 0:20:19]} Bd6 {[%clk 0:04:36]} 39. Qd4
{[%clk 0:19:57]} c5 {[%clk 0:04:35]} 40. Qe4 {[%clk 0:19:47]} Qb4
{[%clk 0:04:31]} 41. Qf5 {[%clk 0:19:20]} Qc3 {[%clk 0:03:50]} 42. Rc1
{[%clk 0:18:51]} Qb2 {[%clk 0:02:33]} 43. Rb1 {[%clk 0:18:58]} Qe2
{[%clk 0:01:57]} 44. Qd5 {[%clk 0:16:12]} a3 {[%clk 0:01:21]} 45. Ra1
{[%clk 0:16:20]} Qb2 {[%clk 0:01:15]} 46. Qd1 {[%clk 0:16:17]} Be5
{[%clk 0:01:15]} 47. Rb1 {[%clk 0:16:14]} Qc3 {[%clk 0:00:57]} 48. Rc1
{[%clk 0:15:59]} Qb4 {[%clk 0:00:26]} 49. Bxc5 {[%clk 0:15:45]} Qf4
{[%clk 0:00:15]} 50. g3 {[%clk 0:15:33]} Qe4+ {[%clk 0:00:24]} 51. f3
{[%clk 0:15:41]} Qf5 {[%clk 0:00:21]} 52. g4 {[%clk 0:14:34]} Qf4
{[%clk 0:00:29]} 53. Qc2 {[%clk 0:14:32]} Qxf3+ {[%clk 0:00:34]} 54. Kg1
{[%clk 0:14:37]} Qg3+ {[%clk 0:00:41]} 55. Kf1 {[%clk 0:14:39]} Qxh3+
{[%clk 0:00:49]} 56. Ke1 {[%clk 0:14:44]} Qg3+ {[%clk 0:00:38]} 57. Bf2
{[%clk 0:14:50]} Qxg4 {[%clk 0:00:17]} 58. Rd1 {[%clk 0:14:33]} Bd6
{[%clk 0:00:16]} 59. Rxd6 {[%clk 0:14:36]} Qb4+ {[%clk 0:00:24]} 60. Rd2
{[%clk 0:14:42]} Qe7+ {[%clk 0:00:12]} 61. Kf1 {[%clk 0:14:39]} Qg5
{[%clk 0:00:15]} 62. Ke1 {[%clk 0:14:31]} Qe5+ {[%clk 0:00:22]} 63. Kf1
{[%clk 0:14:30]} Qb5+ {[%clk 0:00:30]} 64. Ke1 {[%clk 0:14:25]} Qe5+
{[%clk 0:00:33]} 65. Kd1 {[%clk 0:14:33]} Qh5+ {[%clk 0:00:37]} 66. Kc1
{[%clk 0:14:34]} Qh1+ {[%clk 0:00:27]} 67. Rd1 {[%clk 0:14:42]} Qa8
{[%clk 0:00:31]} 68. Rg1 {[%clk 0:14:35]} Qe8 {[%clk 0:00:27]} 69. Re1
{[%clk 0:13:36]} Qf7 {[%clk 0:00:34]} 70. Bc5 {[%clk 0:12:39]} Qf4+
{[%clk 0:00:40]} 71. Kd1 {[%clk 0:12:35]} Qf3+ {[%clk 0:00:46]} 72. Kc1
{[%clk 0:12:38]} Qf4+ {[%clk 0:00:51]} 73. Be3 {[%clk 0:12:46]} Qe5
{[%clk 0:00:59]} 74. Kd1 {[%clk 0:12:16]} a2 {[%clk 0:00:21]} 75. Qxa2
{[%clk 0:12:17]} Rd6+ {[%clk 0:00:28]} 76. Bd2 {[%clk 0:12:26]} Qh5+
{[%clk 0:00:32]} 77. Re2 {[%clk 0:12:25]} Qh1+ {[%clk 0:00:38]} 78. Re1
{[%clk 0:12:33]} Qf3+ {[%clk 0:00:46]} 79. Kc1 {[%clk 0:12:29]} Rc6+
{[%clk 0:00:48]} 80. Kb1 {[%clk 0:12:30]} Qd3+ {[%clk 0:00:53]} 81. Ka1
{[%clk 0:12:38]} Qd4+ {[%clk 0:00:56]} 82. Kb1 {[%clk 0:12:42]} Qb6+
{[%clk 0:00:59]} 83. Ka1 {[%clk 0:12:48]} Qb5 {[%clk 0:00:36]} 84. Re3
{[%clk 0:12:04]} 1-0

[Event "MCR druzstev mladsich zaku 2019"]
[Site "Trest"]
[Date "2019.06.16"]
[Round "9.6"]
[White "Vana, Jakub"]
[Black "Sehnoutkova, Laura"]
[Result "1/2-1/2"]
[BlackElo "1406"]
[WhiteElo "1422"]
[LiveChessVersion "1.4.8"]

1. d4 {[%clk 0:25:18]} d5 {[%clk 0:25:18]} 2. Nf3 {[%clk 0:25:23]} Nc6
{[%clk 0:25:26]} 3. Bf4 {[%clk 0:25:27]} Bf5 {[%clk 0:25:22]} 4. c3
{[%clk 0:25:31]} Nf6 {[%clk 0:25:21]} 5. e3 {[%clk 0:25:33]} a6 {[%clk 0:25:28]}
6. Bd3 {[%clk 0:25:39]} Bxd3 {[%clk 0:25:12]} 7. Qxd3 {[%clk 0:25:45]} e6
{[%clk 0:25:15]} 8. O-O {[%clk 0:25:26]} Be7 {[%clk 0:25:19]} 9. Nbd2
{[%clk 0:25:19]} O-O {[%clk 0:25:25]} 10. Rfe1 {[%clk 0:24:59]} Re8
{[%clk 0:25:21]} 11. Rac1 {[%clk 0:24:45]} Bd6 {[%clk 0:25:17]} 12. Bg5
{[%clk 0:24:43]} e5 {[%clk 0:24:32]} 13. e4 {[%clk 0:24:36]} dxe4
{[%clk 0:24:21]} 14. Nxe4 {[%clk 0:24:39]} Be7 {[%clk 0:23:29]} 15. Nxf6+
{[%clk 0:24:05]} Bxf6 {[%clk 0:23:31]} 16. Bxf6 {[%clk 0:24:08]} Qxf6
{[%clk 0:23:39]} 17. Rcd1 {[%clk 0:23:30]} exd4 {[%clk 0:23:41]} 18. cxd4
{[%clk 0:23:23]} Rxe1+ {[%clk 0:23:33]} 19. Rxe1 {[%clk 0:23:29]} Rd8
{[%clk 0:23:41]} 20. a3 {[%clk 0:23:23]} g6 {[%clk 0:23:33]} 21. Re4
{[%clk 0:23:06]} Qd6 {[%clk 0:22:53]} 22. h3 {[%clk 0:22:55]} Na7
{[%clk 0:22:11]} 23. Nd2 {[%clk 0:19:20]} c5 {[%clk 0:21:50]} 24. Nb3
{[%clk 0:18:03]} Rc8 {[%clk 0:20:29]} 25. Qd1 {[%clk 0:16:40]} b6
{[%clk 0:18:30]} 26. Qd2 {[%clk 0:15:45]} Rd8 {[%clk 0:16:53]} 27. Qg5
{[%clk 0:14:24]} Kg7 {[%clk 0:14:05]} 28. dxc5 {[%clk 0:14:20]} bxc5
{[%clk 0:13:19]} 29. Nxc5 {[%clk 0:14:18]} Qc7 {[%clk 0:12:57]} 30. Qe5+
{[%clk 0:14:19]} Qxe5 {[%clk 0:12:38]} 31. Rxe5 {[%clk 0:14:24]} a5
{[%clk 0:12:39]} 32. Re7 {[%clk 0:14:23]} Nc6 {[%clk 0:12:46]} 33. Rc7
{[%clk 0:14:23]} Rd6 {[%clk 0:12:49]} 34. Nb7 {[%clk 0:14:16]} Rf6
{[%clk 0:12:43]} 35. Kh2 {[%clk 0:13:46]} Kf8 {[%clk 0:11:57]} 36. Kg3
{[%clk 0:13:28]} Ke8 {[%clk 0:11:38]} 37. Nc5 {[%clk 0:13:26]} Nd8
{[%clk 0:09:38]} 38. Ra7 {[%clk 0:13:11]} Nc6 {[%clk 0:09:43]} 39. Ra6
{[%clk 0:13:00]} h6 {[%clk 0:08:54]} 40. Nd3 {[%clk 0:13:04]} Kd8
{[%clk 0:08:52]} 41. Ne5 {[%clk 0:13:07]} Kc7 {[%clk 0:08:44]} 42. Rxc6+
{[%clk 0:12:57]} Rxc6 {[%clk 0:08:51]} 43. Nxc6 {[%clk 0:13:05]} Kxc6
{[%clk 0:08:59]} 44. b4 {[%clk 0:13:10]} axb4 {[%clk 0:09:07]} 45. axb4
{[%clk 0:13:18]} Kb5 {[%clk 0:09:16]} 46. Kf4 {[%clk 0:13:28]} f6
{[%clk 0:09:09]} 47. g4 {[%clk 0:13:20]} Kxb4 {[%clk 0:09:17]} 48. h4
{[%clk 0:13:29]} Kc5 {[%clk 0:09:24]} 49. g5 {[%clk 0:13:39]} fxg5+
{[%clk 0:08:45]} 50. hxg5 {[%clk 0:13:47]} hxg5+ {[%clk 0:08:46]} 51. Kxg5
{[%clk 0:13:55]} Kd4 {[%clk 0:08:41]} 52. f4 {[%clk 0:13:07]} Ke4
{[%clk 0:08:48]} 53. Kg4 {[%clk 0:13:15]} 1/2-1/2